Statistics for Word Scramble - U.S. Cities

Click here to take the quiz!

General Stats

  • This quiz has been taken 64 times
  • The average score is 10 of 21

Answer Stats

HintAnswer% Correct
nolhuoulHonolulu
90%
usaltTulsa
81%
ooteldToledo
75%
mibnmigarhBirmingham
67%
ciahtwiWichita
60%
nueeegEugene
56%
aosndimMadison
50%
imloebMobile
50%
otcnsuTucson
50%
htuprigtsbPittsburgh
48%
suatgauAugusta
46%
gmltninoiwWilmington
46%
videocneprProvidence
42%
lsglbiinBillings
38%
aotacgtahnoChattanooga
35%
lkivlxoneKnoxville
35%
recsuaysSyracuse
33%
yaeeftlatLafayette
27%
nolaspacePensacola
17%
moralaliAmarillo
13%
tcaedhsyecnSchenectady
13%

Score Distribution

Percentile by Number Answered

Percent of People with Each Score

Your Score History

You have not taken this quiz